000 004610000a22001810004500
003 MACL
005 20151229150532.0
008 151229b xxu||||| |||| 00| 0 eng d
040 _aMACL
_cMACL
041 _aEnglish
082 _a181.4/BHA
100 _aBhandarkar, Dr D R
_924006
245 _aB C Law Volume
_bPart 2
260 _bBhandarkar Oriental Research Institute
_c1946
350 _a20
650 _aPhilosophy
_924007
942 _cBK
_k181.4/BHA
_2ddc
999 _c35692
_d35692